| 000 | 00764nam a2200217Ii 4500 | ||
|---|---|---|---|
| 003 | JO-AjNU | ||
| 008 | 230605s9999||||xx |||||||||||||| ||und|| | ||
| 040 |
_aJO-AjNU _bara _erda _cJO-AjNU |
||
| 041 | _aara | ||
| 050 | 1 | 4 | _aKRM642.2005 |
| 100 | 3 |
_aاعداد ، إبراهيم سيد أحمد, _eauthor _932197 |
|
| 245 | 0 | 0 | _aقانون التمويل العقاري |
| 250 | _aط1 | ||
| 264 | 3 | 1 | _aالاسكندرية : المكتب الجامعى الحديث ، 2005 |
| 300 | _a108ص | ||
| 336 |
_atext _btxt _2rdacontent |
||
| 337 |
_aunmediated _bn _2rdamedia |
||
| 338 |
_avolume _bnc _2rdacarrier |
||
| 490 | 0 | _aالموسوعة القانونية ( سلسلة التشريعات القانونية ) | |
| 650 | 4 |
_aقانون الملكية _932198 |
|
| 999 |
_aA12969 _c16537 _d16537 |
||